NBA Franchise Win Shares Leaders - Extreme - Statistics

General Stats
  • This quiz has been taken 379 times
  • The average score is 89 of 152
Answer Stats
Hint Answer % Correct
145.8 WS Larry Bird
97%
47.0 WS David West
96%
162.6 WS Jerry West
96%
107.9 WS Kevin Durant
95%
154.1 WS | 65.3 WS LeBron James
95%
96.9 WS Russell Westbrook
95%
204.5 WS Michael Jordan
94%
163.5 WS Bill Russell
93%
76.3 WS DeAndre Jordan
93%
115.0 WS James Harden
92%
143.1 WS Stephen Curry
92%
31.0 WS Dell Curry
91%
116.1 WS Dwyane Wade
91%
114.7 WS | 158.7 WS Kareem Abdul-Jabbar
91%
230.3 WS Karl Malone
91%
139.8 WS Kevin Garnett
91%
172.7 WS Kobe Bryant
91%
70.0 WS Moses Malone
91%
128.0 WS Nikola Jokić
91%
99.7 WS Scottie Pippen
91%
48.3 WS Shaquille O'Neal
91%
120.8 WS Giannis Antetokounmpo
90%
106.2 WS | 51.8 WS Julius Erving
90%
206.4 WS Tim Duncan
90%
206.3 WS Dirk Nowitzki
89%
56.8 WS David Thompson
88%
160.6 WS Hakeem Olajuwon
88%
207.7 WS John Stockton
88%
155.8 WS Magic Johnson
88%
123.0 WS Patrick Ewing
88%
110.4 WS Tony Parker
88%
174.4 WS Reggie Miller
87%
112.4 WS Wilt Chamberlain
87%
106.4 WS Manu Ginóbili
86%
103.1 WS Damian Lillard
85%
178.7 WS David Robinson
85%
80.7 WS Isiah Thomas
85%
76.4 WS | 78.2 WS Chris Paul
84%
56.6 WS Jason Kidd
82%
138.4 WS Paul Pierce
82%
82.7 WS Steve Nash
82%
106.1 WS Charles Barkley
81%
90.9 WS Kevin Johnson
81%
41.1 WS Larry Johnson
81%
71.1 WS Marques Johnson
81%
47.7 WS Vince Carter
80%
61.8 WS Chris Bosh
78%
131.7 WS John Havlicek
78%
77.4 WS Marc Gasol
78%
53.8 WS Pau Gasol
78%
72.0 WS Anthony Davis
77%
54.0 WS DeMar DeRozan
77%
154.2 WS Oscar Robertson
77%
65.4 WS Blake Griffin
76%
108.7 WS Clyde Drexler
76%
58.4 WS Dale Davis
76%
87.5 WS Dwight Howard
76%
47.0 WS Kevin Love
76%
107.4 WS Dominique Wilkins
74%
74.5 WS Kyle Lowry
74%
123.8 WS Gary Payton
72%
48.2 WS Tracy McGrady
71%
58.3 WS Hot Rod Williams
70%
62.8 WS Buck Williams
69%
45.9 WS Gerald Wallace
69%
61.3 WS Rasheed Wallace
69%
67.0 WS Chet Walker
67%
48.5 WS Kemba Walker
67%
67.9 WS Amar'e Stoudemire
66%
84.2 WS Alex English
64%
73.6 WS Chauncey Billups
64%
75.0 WS Karl-Anthony Towns
64%
52.2 WS Bradley Beal
63%
52.6 WS Jimmy Butler
62%
67.6 WS Shawn Kemp
62%
64.9 WS Alonzo Mourning
61%
136.0 WS Bob Pettit
61%
86.2 WS Joe Dumars
60%
108.8 WS Walt Frazier
59%
110.1 WS Wes Unseld
59%
74.9 WS Willis Reed
59%
71.4 WS Mike Conley
58%
122.4 WS Robert Parish
58%
98.4 WS Bill Laimbeer
57%
49.6 WS Brook Lopez
57%
32.9 WS Sam Mitchell
55%
85.9 WS Rick Barry
54%
107.4 WS George Gervin
53%
86.6 WS Rudy Gobert
53%
51.2 WS Zach Randolph
53%
44.0 WS Pascal Siakam
51%
69.4 WS LaMarcus Aldridge
50%
80.0 WS Elvin Hayes
47%
65.4 WS Mark Price
47%
50.9 WS Bob McAdoo
46%
108.7 WS George Mikan
43%
59.8 WS Peja Stojaković
43%
29.6 WS P.J. Brown
41%
63.5 WS Roger Brown
41%
62.4 WS Horace Grant
40%
63.4 WS Zydrunas Ilgauskas
40%
93.2 WS Shawn Marion
39%
60.5 WS Jason Terry
37%
56.6 WS Rik Smits
37%
142.4 WS Dolph Schayes
36%
64.2 WS Al Horford
35%
76.3 WS Adrian Dantley
34%
57.6 WS Bam Adebayo
33%
28.5 WS Jrue Holiday
33%
88.5 WS Sidney Moncrief
33%
79.3 WS Terry Porter
33%
102.7 WS Hal Greer
32%
50.6 WS Richard Jefferson
31%
73.5 WS Alvan Adams
30%
91.6 WS Bob Lanier
29%
108.8 WS Paul Arizin
29%
66.5 WS Artis Gilmore
28%
68.3 WS Elton Brand
28%
52.9 WS Nick Anderson
28%
65.8 WS Derek Harper
27%
87.7 WS Maurice Cheeks
27%
68.2 WS Andrei Kirilenko
26%
65.2 WS Brad Daugherty
26%
50.1 WS Nikola Vučević
25%
67.5 WS Charles Oakley
24%
79.0 WS Jack Sikma
23%
70.3 WS Rolando Blackman
22%
94.8 WS Dan Issel
21%
57.8 WS Jerry Lucas
21%
44.8 WS Muggsy Bogues
21%
58.4 WS Michael Finley
19%
41.0 WS Wally Szczerbiak
19%
84.1 WS Calvin Murphy
16%
57.0 WS Walt Bellamy
14%
62.6 WS Bob Dandridge
12%
70.4 WS Rudy Tomjanovich
12%
73.5 WS Lou Hudson
10%
34.9 WS Shane Battier
10%
92.0 WS Neil Johnston
9%
75.1 WS Cliff Hagan
8%
75.0 WS Jack Twyman
8%
53.4 WS Mel Daniels
7%
53.4 WS Billy Knight
5%
72.3 WS Harry Gallatin
3%
63.9 WS Bobby Wanzer
2%
31.0 WS Cody Zeller
2%
55.0 WS Byron Beck
1%
48.6 WS Greg Ballard
1%
No matching quizzes found
Score Distribution
Percent of People with Each Score
Percentile by Number Answered
Your Score History
You have not taken this quiz